Muscles in the back - Statistics

General Stats
  • This quiz has been taken 146 times
  • The average score is 5 of 10
Answer Stats
Picture Answer % Correct
trapezius
88%
deltoid
81%
latissimus dorsi
76%
rhomboid major
40%
rhomboid minor
39%
supraspinatus
37%
infraspinatus
36%
levator scapulae
35%
subscapularis
33%
teres minor
31%
No matching quizzes found
Score Distribution
Percent of People with Each Score
Percentile by Number Answered
Your Score History
You have not taken this quiz